000 00438nab a2200145Ia 4500
003 ES-SlBCS
005 20210601141331.0
008 140529s1990 xxu||||| |||| 00| 0 spa d
041 _aspa
100 1 _aGalino Carrillo, María Ángeles
_9229359
245 0 0 _aEducar en la libertad y el amor
_c María Ángeles Galino Carrillo
650 0 4 _aEducación
_986687
773 0 _tEducadores
_gvol. 32, 1990, págs. 375-391
_wRev370
942 _cAR
999 _c659042
_d659042